000 00553 a2200181 4500
003 OSt
005 20260526111252.0
008 240205b |||||||| |||| 00| 0 eng d
020 _a9789382934912
040 _coclc
082 _a305.48697
_bMUH/K
100 _aMuhammed, N P Hafiz
_91922
245 _aKeralathile Muslim Sthreekalude Varthamanakalam /
_cN P Hafiz Muhammed
250 _a2nd ed.
260 _aKozhikode:
_bOlive Publications,
_c2019.
300 _a154p.
942 _2ddc
_cBK
_h305.48697
_iMUH/K
_k305.48697
_mMUH/K
999 _c44299
_d44299